| Tag |
First Indicator |
Second Indicator |
Subfields |
| LEADER |
00000cam a2200000 4500 |
| 001 |
in00000052568 |
| 005 |
20151007072132.0 |
| 008 |
780412r1942 ohua b 00110 eng |
| 010 |
|
|
|a 42023018
|
| 035 |
|
|
|a (OCoLC)03795073
|
| 035 |
|
|
|9 AAE7300AM
|
| 040 |
|
|
|a DLC
|c COF
|d TXA
|d UtOrBLW
|
| 049 |
|
|
|a TXAM
|c [116591]
|
| 050 |
0 |
0 |
|a QD251
|b .D35 1942
|
| 082 |
0 |
|
|a 547
|
| 092 |
|
|
|a 547
|b D317f
|
| 100 |
1 |
|
|a Degering, Ed. F.
|q (Edward Franklin),
|d 1898-
|
| 245 |
1 |
0 |
|a Fundamental organic chemistry /
|c by Ed. F. Degering and one hundred six collaborators.
|
| 264 |
|
0 |
|a Cincinnati,
|a New York [etc.] :
|b Reproduced by photo-offset and planographed by John S. Swift Co., inc.,
|c [1942]
|
| 264 |
|
4 |
|c ©1942
|
| 300 |
|
|
|a x, 485 pages including illustrations, tables, diagrams ;
|c 24 cm.
|
| 336 |
|
|
|a text
|b txt
|2 rdacontent
|
| 337 |
|
|
|a unmediated
|b n
|2 rdamedia
|
| 338 |
|
|
|a volume
|b nc
|2 rdacarrier
|
| 504 |
|
|
|a "Collateral reading" at end of most of the chapters.
|
| 650 |
|
0 |
|a Chemistry, Organic.
|
| 999 |
|
|
|a MARS
|
| 999 |
f |
f |
|s 55471b86-33e4-370f-bcc8-04494cb68d89
|i ce4aedbe-31f1-34bf-9b72-e9288a675328
|t 0
|
| 952 |
f |
f |
|p ric
|a Texas A&M University
|b Rellis Campus
|c Joint Library Facility
|d Remote Storage
|t 0
|e QD251 .D35 1942
|h Library of Congress classification
|i unmediated -- volume
|m A14800942615
|
| 998 |
f |
f |
|a QD251 .D35 1942
|t 0
|l Remote Storage
|